दार्शनिक चिंतन के विविध आयाम / (Record no. 47467)

MARC details
000 -LEADER
fixed length control field 01330nam a22002777a 4500
005 - DATE AND TIME OF LATEST TRANSACTION
control field 2010091802302.0
008 - FIXED-LENGTH DATA ELEMENTS--GENERAL INFORMATION
fixed length control field 100915t xxu||||| |||| 00| 0 hin d
010 ## - LCCN (DPL NO)
LC control number HIN-90540
020 ## - INTERNATIONAL STANDARD BOOK NUMBER
Terms of availability 500.00
International Standard Book Number 9789380190549
035 ## - SYSTEM CONTROL NUMBER
System control number HN-62886
037 ## - SOURCE OF ACQUISITION
Source of stock number/acquisition DBAD / PUB
040 ## - CATALOGING SOURCE
Original cataloging agency DPL
Language of cataloging HN
082 ## - DEWEY DECIMAL CLASSIFICATION NUMBER
Classification number 181.4
100 ## - MAIN ENTRY--PERSONAL NAME
9 (RLIN) 20178
Personal name शुक्ला, संजय कुमार
245 ## - TITLE STATEMENT
Title दार्शनिक चिंतन के विविध आयाम /
Statement of responsibility, etc संजय कुमार शुक्ला एवं सुचेता शुक्ला
246 ## - VARYING FORM OF TITLE
Title proper/short title Darshanik chintan kevividh ayam
Remainder of title by sanjay kumar shukala evm sucheta shukala
260 ## - PUBLICATION, DISTRIBUTION, ETC. (IMPRINT)
Place of publication, distribution, etc नई दिल्ली
Name of publisher, distributor, etc सत्यम पब्लिशिंग हाउस
Date of publication, distribution, etc 2010
270 ## - ADDRESS
Address एन-3/25ए, मोहन गार्डन
City नई दिल्ली
Postal code 110059
Telephone number 011 25358642
300 ## - PHYSICAL DESCRIPTION
Extent 237पृ.
Dimensions 22सेमी (सजिल्द)
650 ## - SUBJECT ADDED ENTRY--TOPICAL TERM
9 (RLIN) 1159
700 ## - ADDED ENTRY--PERSONAL NAME
9 (RLIN) 20179
Personal name शुक्ला, सुचेता
700 ## - ADDED ENTRY--PERSONAL NAME
9 (RLIN) 20333
700 ## - ADDED ENTRY--PERSONAL NAME
9 (RLIN) 20540
942 ## - ADDED ENTRY ELEMENTS (KOHA)
Source of classification or shelving scheme Dewey Decimal Classification
Item type Hindi Books
Call number suffix शुक्लासं
Classification part 181.4
Holdings
Withdrawn status Lost status Source of classification or shelving scheme Damaged status Not for loan Collection code Home library Current library Date acquired Source of acquisition Cost, normal purchase price Total Checkouts Full call number Barcode Date last seen Copy number Cost, replacement price Koha item type
    Dewey Decimal Classification   Not For Loan Non-fiction D.B.Act.Division D.B.Act.Division 22/09/2010 DBAD/PUB 500.00   181.4शुक्लासं HN-62886 22/09/2010 1 500.00 Hindi Books

© Delhi Public Library
Hit Counter
free hit counter